Truyện ngắn 100 chữ

Enregistré dans:
Détails bibliographiques
Format: Livre
Langue:Undetermined
Publié: H. Phụ nữ 2003
Sujets:
Tags: Ajouter un tag
Pas de tags, Soyez le premier à ajouter un tag!
Thư viện lưu trữ: Trung tâm Học liệu Trường Đại học Cần Thơ
LEADER 00435nam a2200169Ia 4500
001 CTU_59915
008 210402s9999 xx 000 0 und d
020 |b 25000 
082 |a 895.922301 
082 |b Tr527 
245 0 |a Truyện ngắn 100 chữ 
260 |a H. 
260 |b Phụ nữ 
260 |c 2003 
650 |a short stories, vietnamese 
904 |i Minh 
980 |a Trung tâm Học liệu Trường Đại học Cần Thơ